00519nam a2200193 a 4500001001300000003000900013005001700022008004100039020001000080082001500090100002200105245005600127260003600183300000900219500003500228505001700263650002300280700002200303nice12345678IN_TiNIC20260116013011.0050524s1892 lona grp 000 0 eng  ac10000a221.9bKIR aKirk Patrick, A F aDivine Library of the Old Testamentb Five Lecture. aLondonbMacmillan and Co.c1892 a155p aincludes index and biblioraphy2 aBibliography aBible O.T. History1 aKirk Patrick, A F